000 00545nam a2200157Ia 4500
008 191209s9999 xx 000 0 und d
020 _a978-1-84480-668-3
100 _aAlexander, David
245 _cDavid Alexander, Anne Britton & Ann Jorissen.--
_aInternational financial reporting and analysis /
250 _a3rd ed.
260 _aLondon:
_bThomson Higher Education
_c2007
300 _a898 pages :
_c24.5 cm.
500 _aIncludes index.
650 _aFinancial statements -- Problems, exercises, etc.
650 _aFinancial statements.
999 _c362863
_d362863